00841nab a2200265 uc450000100070000000500170000700800410002403500110006503500210007604000130009704100080011010000240011824500400014265000130018265000200019565000100021565000200022565000180024565000240026365000360028765000400032365000360036365000400039977301360043971143020240831091244.0011207e19990301 fre  a711430 a(OCoLC)819927027 ccomduadb afre10aWei, Chen4auteaut10aContexte, comprehension, traduction aSignifie aLengua e idioma aChino aLangue chinoise aComprehension 7aComprensión2lemb aTraduccion del frances al chino aTraduction du francais vers chinois aTraduccion del chino al frances aTraduction du chinois vers francais0 tMeta : Journal des Traducteurs : Translators' Journal (Canadá)gVol. 44, No. 01, Mar. 1999, p. 145-153w688018x0026-04520212758